| 000 | 00692nam a2200241Ia 4500 | ||
|---|---|---|---|
| 003 | OSt | ||
| 005 | 20221006142703.0 | ||
| 006 | a|||||r|||| 00| 0 | ||
| 007 | ta | ||
| 008 | 221006b |||||||| |||| 00| 0 eng d | ||
| 020 | _cY1900 | ||
| 024 | _a6,943 | ||
| 037 |
_bGift, Japan Foundation _cTextual |
||
| 040 |
_aEASL _cEASL _beng |
||
| 041 |
_2eng _aeng |
||
| 082 | _aP42:1, IIIL9 | ||
| 100 |
_aFUITO Yoshiko etc. _9648180 |
||
| 245 | 0 | _aJapanese pronunciation guide for English speakers | |
| 260 |
_aJapan _bBonjinsha _c1979 |
||
| 300 |
_a144p. _ccm. |
||
| 942 |
_hP42:1, IIIL9 _cTEXL _2CC |
||
| 999 |
_c1075029 _d1075029 |
||